00268nam a2200109Ia 4500008004100000245004300041260002200084440000600106521002200112942000700134999001700141140130s9999 xx 000 0 und d cSuzy KlineaSong Lee and The Leech Man bScholastic,c1995 v1 aGrade 1 - Grade 2 cBK c40310d40310